| 000 | 00651nam a2200193 4500 | ||
|---|---|---|---|
| 001 | 145394 | ||
| 003 | ES-MaACL | ||
| 005 | 20230906201225.0 | ||
| 007 | t| | ||
| 008 | 070214s1962 sp r ||||1| spa d | ||
| 100 | 1 |
_aSorokin, Pitirim A. _9107417 |
|
| 245 | 1 | 0 |
_aDinámica social y cultural / _cpor Pitirim A. Sorokin ; [traducción de Jesús Tobio Fernández]. |
| 260 |
_aMadrid : _bInstituto de Estudios Políticos, _c1962 ( _fBermejo) |
||
| 300 |
_a2 v. ; _c25 cm. |
||
| 700 | 1 |
_aTobio Fernández, Jesús. _9211385 |
|
| 710 | 2 |
_aInstituto de Estudios Políticos (Madrid) _94924 |
|
| 852 |
_aES-MaACL _jC-21950-1 _bR.50704 |
||
| 999 |
_c145394 _d145394 |
||